DOS Assembler: manual de referencia

Guardat en:
Dades bibliogràfiques
Autor corporatiu: Empresa de Sistemas de Computadores (Autor)
Format: Llibre
Idioma:portuguès
Publicat: Sao Paulo ESC 1972
Matèries:
Etiquetes: Afegir etiqueta
Sense etiquetes, Sigues el primer a etiquetar aquest registre!

MARC

LEADER 00000nam a2200000 a 4500
001 UCV4093
003 CL-VaPUC
008 890831e19720000BL |||||||||||||||||por|d
082 0 4 |a 005.456  |b EMP  |2 21 
110 2 |a Empresa de Sistemas de Computadores  |e author  |9 298444 
245 1 0 |a DOS Assembler: manual de referencia 
300 |a 300 p 
942 |c BK 
945 |d 19890831 00:00:00 
260 |a Sao Paulo  |b ESC  |c 1972 
650 0 |a Sistemas operativos   |9 260288 
650 0 |a Computadores  |9 258188 
650 7 |a DOS ASSEMBLER  |2 CL-VaPUC  |9 260289 
583 |a last modification  |c 19890831 00:00:00  |k Rodrigo Vera 
999 |c 211101  |d 211099